[Event "Moscow op-E"]
[Site "Moscow"]
[Date "2011.01.30"]
[Round "2.185"]
[White "Gorshkov, Anatoly"]
[Black "Motruk, Oleg"]
[Result "1-0"]
[WhiteElo "2064"]
[BlackElo "1862"]
[PlyCount "105"]
[EventDate "2011.01.29"]
[EventType "swiss"]
[EventRounds "9"]
[EventCountry "RUS"]
[SourceTitle "EXT 2022"]
[Source "ChessBase"]
[SourceDate "2021.10.06"]
[SourceVersion "1"]
[SourceVersionDate "2021.10.06"]
[SourceQuality "1"]

1. c4 e5 2. Nc3 f5 3. e4 d6 4. d3 Nf6 5. g3 g6 6. Bg2 c6 7. Nge2 Bg7 8. h3 a5 9. Be3 Be6 10. b3 d5 11. Bg5 fxe4 12. cxd5 cxd5 13. dxe4 d4 14. Na4 h6 15. Bxf6 Bxf6 16. Nc5 Bf7 17. 0-0 b6 18. Nd3 0-0 19. f4 Nc6 20. Rc1 Be8 21. Qd2 h5 22. Rc2 Qd6 23. Nec1 Nb4 24. Nxb4 axb4 25. Nd3 Bb5 26. Rd1 Bxd3 27. Qxd3 Rac8 28. f5 Bg5 29. h4 Be3+ 30. Kh2 Rc6 31. Rxc6 Qxc6 32. fxg6 Qxg6 33. Qc4+ Kh8 34. Qxb4 Rf2 35. Rf1 Qg7 36. Qb5 Rxf1 37. Bxf1 Qf6 38. Bg2 Kg7 39. a4 Kh6 40. b4 Qd6 41. Bf3 d3 42. Qe8 d2 43. Qxh5+ Kg7 44. a5 b5 45. Bd1 Qd4 46. Qf3 Bh6 47. Bb3 Qd7 48. a6 Qe7 49. Qg4+ Kf6 50. h5 Qd8 51. Qe6+ Kg7 52. Qg6+ Kf8 53. Qf7# 1-0

[Event "Moscow op-B"]
[Site "Moscow"]
[Date "2009.02.01"]
[Round "2"]
[White "Gorshkov, Anatoly"]
[Black "Pogosian, Georgy"]
[Result "0-1"]
[WhiteElo "2093"]
[BlackElo "2219"]
[PlyCount "69"]
[EventDate "2009.01.31"]
[EventType "swiss"]
[EventRounds "9"]
[EventCountry "RUS"]
[SourceTitle "EXT 2012"]
[Source "ChessBase"]
[SourceDate "2011.11.24"]
[SourceVersion "1"]
[SourceVersionDate "2011.11.24"]
[SourceQuality "1"]

1. e4 e6 2. Nf3 d5 3. e5 c5 4. b4 cxb4 5. a3 bxa3 6. Bxa3 Ne7 7. d4 g6 8. Bd3 Bg7 9. h4 h6 10. Nbd2 Bd7 11. c4 Bc6 12. cxd5 exd5 13. Qe2 Bd7 14. h5 g5 15. Nh2 Nbc6 16. Qe3 Be6 17. g4 Qd7 18. f3 a6 19. 0-0 Rc8 20. Nb3 Bxe5 21. Be2 Bf4 22. Qd3 b6 23. Kg2 a5 24. Rfd1 0-0 25. Qb5 Nb4 26. Qxb6 Rc2 27. Re1 Nd3 28. Nc5 Nxc5 29. Bxc5 Rb8 30. Qa6 Rbb2 31. Nf1 Bxg4 32. Ng3 Bh3+ 33. Kf2 Rc3 34. Nf1 Bxf1 35. Bxe7 0-1

[Event "Moscow op-B 04th"]
[Site "Moscow"]
[Date "2008.02.05"]
[Round "4"]
[White "Gorshkov, Anatoly"]
[Black "Hamidullin, Aydar"]
[Result "0-1"]
[WhiteElo "2119"]
[BlackElo "2277"]
[PlyCount "61"]
[EventDate "2008.02.02"]
[EventType "swiss"]
[EventRounds "9"]
[EventCountry "RUS"]
[SourceTitle "CBM 122 Extra"]
[Source "ChessBase"]
[SourceDate "2008.03.04"]
[SourceVersion "1"]
[SourceVersionDate "2008.03.04"]
[SourceQuality "1"]

1. e4 e6 2. d4 d5 3. Nc3 Bb4 4. e5 c5 5. a3 Bxc3+ 6. bxc3 Ne7 7. f4 Nd7 8. Nf3 Nb6 9. a4 Bd7 10. a5 Na4 11. dxc5 Qxa5 12. Qd3 Qxc5 13. Be3 Qxc3+ 14. Qxc3 Nxc3 15. Rxa7 Rxa7 16. Bxa7 Ng6 17. g3 0-0 18. Bd4 Rc8 19. Bd3 Ne4 20. 0-0 Ne7 21. Rb1 Bc6 22. Kg2 f6 23. Kg1 Kf7 24. c3 Ra8 25. Rc1 h5 26. exf6 gxf6 27. Re1 Nf5 28. c4 Ra3 29. cxd5 exd5 30. Rd1 Ba4 31. Bxe4 0-1